| 000 | 00917nam a2200241 a 4500 | ||
|---|---|---|---|
| 001 | 47431 | ||
| 003 | BD-RjUL | ||
| 005 | 20211209054319.0 | ||
| 008 | 160808s1984 bg a|||| |||| 00| 0 ben d | ||
| 020 | _c: Tk. 15.00 | ||
| 035 | _a(BD-RjUL)47550 | ||
| 040 |
_aBD-RjUL _beng _cBD-RjUL |
||
| 041 | _aeng | ||
| 082 |
_a509.04 _bRAB 1984 |
||
| 100 |
_aরশীদ, এ. এম. হারুন অর _9144247 |
||
| 245 | 1 | 0 |
_aবিংশ শতাব্দীর বিজ্ঞান / _cএ. এম. হারুন অর রশীদ |
| 260 |
_aঢাকা : _bবাংলা একাডেমী, _c১৯৮৪ |
||
| 300 |
_a[৮], ৭১ পৃ. : _bচিত্র ; _c১৮ সেমি. |
||
| 490 |
_aবা/এ ; _v১৪২০ |
||
| 650 |
_aবিজ্ঞান _xইতিহাস _yবিংশ শতাব্দী _9144248 |
||
| 650 |
_aScience _xHistory _y20th century _9144249 |
||
| 942 |
_2ddc _cBK |
||
| 999 |
_c47431 _d47431 |
||